000 00721nam a22002297a 4500
005 20170124105957.0
010 _aA-701706
020 _c00.00
035 _aA-701706
037 _bCen Lib/Ret
040 _aDPL
_bEN
082 _a362.5
_bKOT
100 _aKothari, Rajni
_914922
245 _aGrowing amnesia :
_cby Rajni Kothari
_ban eassy on poverty and the human consciousness /
260 _aNew Delhi
_bViking
_c1993
270 _a210, Chiranjiv Tower, 43, Nehru Place
_bNew Delhi
_e110019
300 _ax,185p.
_c21cm(Hb)
500 _a Includes index.
650 _aPoverty -- India.
_914923
650 _aIndia -- Economic conditions -- 1947-
_986323
942 _2ddc
_cEN
_h362.5
_mKOT
999 _c125606
_d125606